000
00273nam a22001217a 4500
999
_c
12707
_d
12707
020
_a
9781405293181
082
_a
823.92
100
_a
Jackson,Holly
245
_a
A Good Girl's Guide to Murder
260
_a
UK
_b
Electric Monkey
_c
2019
300
_a
432, pages.
942
_c
BK